Eurovision National Final Songs (2024) - Statistics

General Stats
  • This quiz has been taken 11 times
  • The average score is 103 of 424
Answer Stats
Song Name Artist Country % Correct
30 km/h Lia Larsson Sweden
100%
Always on the Run Isaak Germany
100%
La noia Angelina Mango Italy
100%
Rim Tim Tagi Dim Baby Lasagna Croatia
100%
Sand Saba Denmark
100%
Doomsday Blue Bambie Thug Ireland
89%
Luktelk Silvester Belt Lithuania
89%
Pedestal Aiko Czechia
89%
Ramonda Teya Dora Serbia
89%
Scared of Heights Hera Björk Iceland
89%
Ti Jasmina Hako Albania
89%
11:11 Megara San Marino
78%
Fighter Tali Luxembourg
78%
Go Tobann Ailsha Ireland
78%
Grito Iolanda Portugal
78%
Hollow Dons Latvia
78%
In the Middle Natalia Barbu Moldova
78%
My AI Super Rob and Erika Norwich Norway
78%
No Rules! Windows95man Finland
78%
Oblivion Cartoon and Ewert Sundja Estonia
78%
Oblivion Margaret Berger Norway
78%
Paskana Sara Siipola Finland
78%
Teresa & Maria Alyona Alyona and Jerry Heil Ukraine
78%
Tuta gold Mahmood Italy
78%
Ulveham Gåte Norway
78%
Unforgettable Marcus & Martinus Sweden
78%
You Aistay Lithuania
78%
Zorra Nebulossa Spain
78%
Banana Matt Blxck Malta
67%
Damdiggida Keiino Norway
67%
Dia Maria João Portugal
67%
Diamanti grezzi Clara Italy
67%
Heartache Farida Norway
67%
Here to Stay Sofia Coll Spain
67%
Into the Atmosphere Sigga Ózk Iceland
67%
It's Not Easy to Write a Love Song Dotter Sweden
67%
Loop Sarah Bonnici Malta
67%
Man Janvil Malta
67%
Novo, bolje Konstrakta Serbia
67%
Pazza Loredana Bertè Italy
67%
Pazza Loredana Bertè San Marino
67%
Red Flag Parade Mydy Czechia
67%
Sinceramente Annalisa Italy
67%
Starlet Gianna Lei Czechia
67%
We Come Alive Gothminister Norway
67%
Wild West Bashar Murad Iceland
67%
Wunderbar Traffic Estonia
67%
AI Agnese Rakovska Latvia
56%
Anti-Princess Valeria Pasha Moldova
56%
Bla bla bla Miss Caffeina Spain
56%
Brillos platino Almácor Spain
56%
Caliente Jorge González Spain
56%
Dancing with Demons Cyan Kicks Finland
56%
Gasoline Marcela Croatia
56%
Glow Jesse Markin Finland
56%
Gnezdo orlovo Breskvica Serbia
56%
Johnny Basim Denmark
56%
Kuori mua Sini Sabotage Finland
56%
Kur? Vēstulēs Latvia
56%
Love Me like I Do Erica-Cody Ireland
56%
Lying Eyes Vinko Croatia
56%
Mania Sexmane Finland
56%
My Friend Ollie Estonia
56%
Oh Boy Ryk Germany
56%
Place I Call Home Ziferblat Ukraine
56%
Que Sera Medina Sweden
56%
Save Me Vilija Lithuania
56%
Save Me Živilė Gedvilaitė Lithuania
56%
Save Me Annprincess Norway
56%
Sé quién soy Angy Fernández Spain
56%
Simple Joy The Roop Lithuania
56%
Sirena Erba' Malta
56%
Slavic English Nazva Ukraine
56%
Tears like Rain Bodine Monet Germany
56%
The Angel's Share Elly Czechia
56%
Tsunamia Yagody Ukraine
56%
Vox populi Mikael Gabriel and Nublu Finland
56%
You're Mine Mileo Norway
56%
Babaroga Let 3 Croatia
44%
Bad Boy Brother Apollo Estonia
44%
Capolavoro Il Volo Italy
44%
Circus X Scarlet Sweden
44%
Dijamanti Natalie Balmix Croatia
44%
Dijamanti Keni nije mrtav Serbia
44%
Dn Marko Mandić Serbia
44%
Dom Iva Lorens Serbia
44%
Dopamine Overdose Tom Sean Czechia
44%
Dragon Liamoo Sweden
44%
Dreamer Mélovin Ukraine
44%
Drowning in the Rain Krick Luxembourg
44%
Effortless Jacqline Sweden
44%
Eya Ingrid Jasmin Norway
44%
FOMO Cecilia Estonia
44%
Green Lights Miia Norway
44%
I p' me, tu p' te Geolier Italy
44%
Kaboom!!! VB Gang Lithuania
44%
(Nendest) narkootikumidest ei tea me (küll) midagi 5miinust and Puuluup Estonia
44%
No No No Bojana x David Serbia
44%
Over the Moon Daniel Levi Estonia
44%
Palala Anka Ukraine
44%
CeaseTone Iceland
44%
Time Il Senso Lithuania
44%
Ti muovi Diodato Italy
44%
Un ragazzo una ragazza The Kolors Italy
44%
When I'm Gone Maria Sur Sweden
44%
Woman Show Mathilde SPZ feat. Chris Archer and Slam Dunk Norway
44%
Zemrën n'dorë Besa Kokëdhima Albania
44%
Apnea Emma Italy
33%
Astronauta Lérica Spain
33%
A Tamburitza Lullaby Alen Đuras Croatia
33%
Awful Liar Lisa Ajax Sweden
33%
Bedem Hristina Serbia
33%
Be Good Sofia Rubina Estonia
33%
Bíómynd Væb Iceland
33%
Casa mia Ghali Italy
33%
Click Boom! Rose Villain Italy
33%
Çmendur Mal Retkoceri Albania
33%
Dreaming Ingmar Estonia
33%
Drop Angy and Rafa Ela Luxembourg
33%
Duga je noć Filip Baloš Serbia
33%
Forever Strong Max Mutzke Germany
33%
Give My Heart a Break Cazzi Opeia Sweden
33%
Good Enough Lenny Czechia
33%
Here's Where I Draw the Line Laura Estonia
33%
Heroes Are Calling Smash Into Pieces Sweden
33%
Hold Me Now Ewert and The Two Dragons Estonia
33%
Impossible Shower Lithuania
33%
Jaka Ivana Vladović Serbia
33%
Judas JyellowL feat. Toshín Ireland
33%
Jutra bez tebe Nemanja Radošević Serbia
33%
Ko je ta žena? Filarri Serbia
33%
Kolo Yanx Serbia
33%
Korra veel Peter Põder Estonia
33%
Lalala Yaktak Ukraine
33%
Let Me Be the Fire Isabella Kearney Ireland
33%
Lik u ogledal Zorja Serbia
33%
Love like Us Next in Line Ireland
33%
Luna park Džordži Serbia
33%
Mine Avéi Latvia
33%
Moje tvoje Milan Bujaković Serbia
33%
Muzika Durlanski Serbia
33%
Naiv Marie Reim Germany
33%
Najbolja Zejna Serbia
33%
Nemoguća misija Hydrogen Serbia
33%
Out of My Mind Tomas Robin Czechia
33%
Përsëritja Luan Durmishi Albania
33%
Run Petras Lithuania
33%
Run Valleria Moldova
33%
Sama Chai Serbia
33%
Serotoniin Anet Vaikmaa Estonia
33%
Sudari Nadia Serbia
33%
Tajni začin Kat Dosa Serbia
33%
The Cat's Song Katrīna Gupalo Latvia
33%
The Last Polar Bear Dana Gillespie San Marino
33%
Tudorel Tudor Bumbac Moldova
33%
Vai! Alfa Italy
33%
Vavilon Kavala Serbia
33%
Zbog tebe živim Dušan Kurtić Serbia
33%
Zovi me Lena Lena Kovačević Serbia
33%
Amor de verano Marlena Spain
22%
Believer Joel Marques Cunha Luxembourg
22%
Beso en la mañana Dellacruz Spain
22%
Bewsa Dominic Cini Malta
22%
Can We Talk Boris Štok Croatia
22%
Cloudmaker Oxygyn Malta
22%
Da me voliš Martina Vrbos Serbia
22%
Devil in the Detail One Last Time Luxembourg
22%
Dos extraños (Cuarteto de cuerda) St. Pedro Spain
22%
El temps Roger Padrós Spain
22%
Endless Chain Drevo Ukraine
22%
For the Show Alekss Silvers Latvia
22%
Glasss Nahaba Ukraine
22%
Governo punk Bnkr44 Italy
22%
Happy That You Found Me Danny Saucedo Sweden
22%
Judge Tenderly of Me Dag Erik Oksvold and Anne Fagermo Norway
22%
Käte ümber jää Nele-Liis Vaiksoo Estonia
22%
Katze Galant Germany
22%
Keeper Ingret Ukraine
22%
L'amore in bocca Santi Francesi Italy
22%
La rabbia non ti basta BigMama Italy
22%
Light Annika Wickihalder Sweden
22%
Mariposa Fiorella Mannoia Italy
22%
Married to Twins Sasha Bognibov Moldova
22%
Mars Elsa Lila Albania
22%
Mer Vidar Villa Norway
22%
Mirrorball of Hope Aura Dione Denmark
22%
More Lana Mandarić Croatia
22%
Never Growing Up Carlos Ukareda Estonia
22%
No Dog on a Leash Inga Estonia
22%
No se me olvida Yoly Saa Spain
22%
Nostalgia XGiove San Marino
22%
Onda alta Dargen D'Amico Italy
22%
Outsider Ecto Latvia
22%
Paumée sur terre Naomi Ayé Luxembourg
22%
...Pelas costuras João Borsch Portugal
22%
Percepcija M.IRA Serbia
22%
Planetary Hearts Ublu Denmark
22%
Prisionero Quique Niza Spain
22%
Real Love RoseeLu Denmark
22%
Remitente María Peláe Spain
22%
Rock n' Roll Supernova Edvards Strazdiņš Latvia
22%
Scars Floryan Germany
22%
Sign Here Stella Denmark
22%
Slatke suze, gorka ljubav Vatra Croatia
22%
Still Love Uudo Sepp and Sarah Murray Estonia
22%
Stranded Fredrik Halland Norway
22%
Take Me to Heaven Thomas Jenssen Norway
22%
The Chase (Zoom Zoom) Chu Chu Denmark
22%
Time Is Running Out Skylerr Ukraine
22%
Topic (Bla Bla) Greta Tude Malta
22%
Tu no Irama Italy
22%
Vetevaim Antsud Estonia
22%
Vodu piti trizan biti Mario Battifiaca feat. Robert Ferlin Croatia
22%
Waltz of Death Mistra Norway
22%
A Dare for Love Aimie Atkinson San Marino
11%
Água Mela Portugal
11%
Amsterdam B/H Latvia
11%
Autodistruttivo La Sad Italy
11%
Back to My Roots Jay Smith Sweden
11%
Bravo Nicoleta Sava Moldova
11%
Breaking Bad Karin Duff Malta
11%
Breathe Lisa Gauci Malta
11%
Casa portuguesa Bispo Portugal
11%
Change Silk Nobre Portugal
11%
DNA Sasha Letty Moldova
11%
Doce mistério Leo Middea Portugal
11%
Downfall Anita Iceland
11%
Edhe një herë PeterPan Quartet Albania
11%
Elektroljubav Saša Báša & Virtual Ritual Serbia
11%
Empty Clockwork Creep Lithuania
11%
Fever Cătălina Solomac Moldova
11%
Fever Victor Gulick Moldova
11%
Fiðrildi Sunny Iceland
11%
Finally Alive Edsun Luxembourg
11%
Fino a qui Alessandra Amoroso Italy
11%
Fragili Il Tre Italy
11%
Ghost Nathan Malta
11%
Heart on Fire Myra Norway
11%
Heaven's Raining Down on Me Patrīcija Spale Latvia
11%
Hold On Chaild Luxembourg
11%
I Don't Know About You Yonna Estonia
11%
Il cielo non ci vuole Fred De Palma Italy
11%
I Need Your Love Janus Wiberg Denmark
11%
I Won't Shake (La La Gunilla) Gunilla Persson Sweden
11%
Jigsaw Martin Lithuania
11%
Karma Ryan Hili Malta
11%
Kol laiko yra Marius Petrauskas Lithuania
11%
Lately Silver Jusilo Estonia
11%
Love Is a Language Sasha Sil Latvia
11%
Love on a Budget NinetyNine Germany
11%
Ma non tutta la vita Ricchi e Poveri Italy
11%
Mara Denise Mercieca Malta
11%
Me vas a ver Mantra Spain
11%
Mindbreaker Papīra Lidmašīnas Latvia
11%
Min melodi Melina Borglowe Sweden
11%
Na chystu vodu Funkinbiz Latvia
11%
Në ëndërr Tiri Gjoci Albania
11%
Ne plačem zbog nje Saša Lozar Croatia
11%
Ne vjerujem ti Lara Demarin Croatia
11%
Od kad te sanjam The Splitters Croatia
11%
One Day Misha Croatia
11%
Pametnom dosta ET Croatia
11%
Pazzo di te Francesco Renga and Nek Italy
11%
Runaway Iulia Teleucă Moldova
11%
Say No More Antoine Wend Lithuania
11%
Sjá þig Blankiflúr Iceland
11%
Sretnih dana dat' će Bog Stefany Croatia
11%
Supernatural Adam Woods Sweden
11%
Te echo de - Noan Spain
11%
Tell Me That It's Over Haley Azzopardi Malta
11%
Þjakaður af ást Heiðrún Anna Iceland
11%
Tick Tock Saint Levića Latvia
11%
Tišine Eugen Croatia
11%
Touch of Venus Eli Kristin Norway
11%
Venom Miriana Conte Malta
11%
Voljena ženo Damir Kedžo Croatia
11%
Walk Through Fire Queens of Roses Lithuania
11%
We Will Rule the World Aistè Lithuania
11%
Wildfire Jar of Kings Latvia
11%
Zoo Meidė Lithuania
11%
2073 Kastro Zizo Albania
0%
Aceitar No Maka feat. Ana Maria Portugal
0%
Afia a língua Mila Dores Portugal
0%
Ahumma C-Joe Sweden
0%
Ajër Eden Baja Albania
0%
Aldrig mer Clara Klingenström Sweden
0%
Another Universe Oliv Sky Moldova
0%
Arrows Kyle George Malta
0%
Asaj Olimpia Smajlaj Albania
0%
Askush si ty Stivi Ushe Albania
0%
Ay ay ay Anna G Moldova
0%
Baby, Baby Noelle Croatia
0%
Back to Me Denis Midone Moldova
0%
Banne maj Elecktra Sweden
0%
Baraxx Dan Malta
0%
Be Careful Pluie de Comètes Lithuania
0%
Bellus Christian Arding Malta
0%
Bem longe daqui Perpétua Portugal
0%
Better Off Alone Miguel Bonello Malta
0%
Big Mama Mate San Marino
0%
Blood on Your Hands Deividas Valma Lithuania
0%
Blood Stream Thea Aquilina Malta
0%
Boshatisur Sardi Strugaj Albania
0%
Break Free Maria Ciolac Moldova
0%
Broke the Chain Max Cara Moldova
0%
Carnaval Formația Vele Moldova
0%
Çdo gjë mbaroi Bledi Kaso Albania
0%
Chi siamo davvero Marcella Bella San Marino
0%
Cold Shower Danielė Lithuania
0%
Condition or Fiction Mark Anthony Bartolo Malta
0%
Contrasens Reghina Alexandrina Moldova
0%
Controlla Chelsea Muco Sweden
0%
Criatura Rita Onofre Portugal
0%
Dance like This Booom! San Marino
0%
Dirty Wind/Joker and Harley Move Victor Lozinsky Moldova
0%
Do mjeseca Pavel Croatia
0%
Done Mary Mo Lithuania
0%
Done Getting Over You Albin Tingwall Sweden
0%
Dragons and Rainbows Hansanova Lithuania
0%
Dua të rri me ty Santino De Bartolo Albania
0%
Due altalene Mr. Rain Italy
0%
Empire Sopranique Malta
0%
En sång om sommaren Lasse Stefanz Sweden
0%
Esenciale Besa Krasniqi Albania
0%
Evol Jehona Ponari Albania
0%
Fading Marie Claire Malta
0%
Feather Flight Moira Stafrace Malta
0%
Finiscimi Sangiovanni Italy
0%
Fire Proof Lyndsay Pace Malta
0%
Fljúga burt Maiaa Iceland
0%
Fool Kasparas Lithuania
0%
För dig Klaudy Sweden
0%
Forever Yours Elisa Lindström Sweden
0%
Freedom Dez San Marino
0%
Free Fall Cosette Baldacchino Malta
0%
Gaudė vėjai Žalvarinis Lithuania
0%
Governo del cuore La Rua San Marino
0%
Hela världen väntar Samir & Viktor Sweden
0%
Herë pas here Andi Tanko Albania
0%
Here We Go Again Sid Hallow Lithuania
0%
Horizonti i ëndrrave Troy Band Albania
0%
How Do You Love Me Erna Croatia
0%
Human Aaron Sibley San Marino
0%
Il paradiso è qui Jalisse San Marino
0%
Il protagonista Pago San Marino
0%
In the Night Baltos Varnos Lithuania
0%
Invincibile Kida San Marino
0%
It Is What It Is Paula Urbana Lithuania
0%
Jetën n'skaj Erina and the Elementals Albania
0%
Jungle Oleg Spînu Moldova
0%
Just Be Mark Portelli Malta
0%
Let's Talk About Love Michela Galea Malta
0%
Light Up! Viola Julea Moldova
0%
Loud and Clear Oliv Sky Moldova
0%
Lui Poli Moldova
0%
Mbinatyrale Big Basta and Vesa Luma Albania
0%
Melos Festina Mejzini Albania
0%
Memory Noble Portugal
0%
Më prit Irma Lepuri Albania
0%
Miles Away Martina Cutajar Malta
0%
Misunderstood Kurt Calleja Malta
0%
Move On Luka Lithuania
0%
Moving On Maria Christina Malta
0%
Nan' Anduel Kovaçi Albania
0%
Nebo plače James Night Croatia
0%
Nepobjediva Barbara Munjas Croatia
0%
New Years April Frey Lithuania
0%
Një kujtim Eldis Arrnjeti Albania
0%
N'majë Samanta Karavella Albania
0%
Norrland Engmans Kapell Sweden
0%
No Time No Space OL Moldova
0%
Nuk jemi më Melodajn Mancaku Albania
0%
Numb Stefan Galea Malta
0%
O farol Buba Espinho Portugal
0%
Paranoia Masala and Foresta San Marino
0%
Paskubėk Anžela Lithuania
0%
Pé de choro Huca Portugal
0%
Perfect Lina Štalytė Lithuania
0%
Perfect Place Anna Gulko Moldova
0%
Për veten Michela Paluca Albania
0%
Pikturë Kleansa Susaj Albania
0%
Plavi leptir Lu Dedić Croatia
0%
Pontos finais Rita Rocha Portugal
0%
Primavera Cristina Clara Portugal
0%
Puppet Franklin Calleja Malta
0%
Puppeteer Agnė Buškevičiūtė Lithuania
0%
Quarto para um João Couto Portugal
0%
Questa volta Wlady , Corona and Ice MC feat. DJ Jad San Marino
0%
Revolution Y-Limit Moldova
0%
Ricominciamo tutto Negramaro Italy
0%
Rise Up DPSTP Moldova
0%
Rock My Body Eley Lithuania
0%
Rule (Rai Di Ri Di) Valleria Moldova
0%
Serenade Freya Alley Lithuania
0%
Sing Me a Hug Andrius Pojavis Lithuania
0%
S'mund t'fitoj pa ty Shpat Deda Albania
0%
Spettacolare Maninni Italy
0%
Spune-mi Laura Moldova
0%
Tagħna Tnejn Jessica Micallef Malta
0%
Take My Breath Away Kim Cesarion Sweden
0%
Teorias da conspiração Nena Portugal
0%
There's Only Flowers Eliana Gomez Blanco Malta
0%
The Silence After You Dear Sara Sweden
0%
Trauka (Svaigsta galva) Sun Francisco Lithuania
0%
Trophy Wife Emilija V Lithuania
0%
Tutto qui Gazzelle Italy
0%
Undream You Leona Germany
0%
Unë Olsi Ballta Albania
0%
Unga & fria Fröken Snusk Sweden
0%
Unlove You Starting Tomorrow Monika Marija Lithuania
0%
Up Again Nino Moldova
0%
Uragan Sergio Hajdini Albania
0%
Us Thomas G Lithuania
0%
Vallëzoj me dritën Kejsi Tola Albania
0%
Vėjas galvoje Multiks Lithuania
0%
Vetëm ty Martina Serreqi Albania
0%
Volto a ti Left. Portugal
0%
Watch Me Desirei Grech Malta
0%
Weightless Kàro Lithuania
0%
What's the Fun Y-Limit Moldova
0%
Wild Card Gail Attard Malta
0%
With You Daudia San Marino
0%
You Can't Hide Filipa Portugal
0%
Zgjohu Arsi Bako Albania
0%
No matching quizzes found
Score Distribution
Percent of People with Each Score
Percentile by Number Answered
Your Score History
You have not taken this quiz